| 000 | 00465nam a22001457a 4500 | ||
|---|---|---|---|
| 005 | 20241118182955.0 | ||
| 008 | 241118b |||||||| |||| 00| 0 eng d | ||
| 050 |
_aQA279 _b.D5 |
||
| 100 | _aDiamond, William J. | ||
| 245 |
_aPractical Experiment Designs/ _bfor engineers and scientists _cWilliam J. Diamond |
||
| 260 |
_aShahdara, Delhi _bCBS Publishers & Distributors _c1987 |
||
| 300 |
_axiv.348p. _bill. _c23.5cm |
||
| 650 | _2Experiment Designs | ||
| 942 |
_2lcc _cBK _n0 |
||
| 999 |
_c1311 _d1311 |
||